| 000 | 00994nam a2200265Ia 4500 | ||
|---|---|---|---|
| 003 | OSt | ||
| 005 | 20220916110902.0 | ||
| 006 | a|||||r|||| 00| 0 | ||
| 007 | ta | ||
| 008 | 220915b |||||||| |||| 00| 0 hin d | ||
| 020 | _a8181436253 (hbk) | ||
| 024 | _a545 | ||
| 037 | _b482, 27/03/2008, Vani Prakashan | ||
| 037 | _cTextbook | ||
| 040 |
_bhin _aARTS _cARTS |
||
| 041 | _ahin | ||
| 082 | _aO152,6N55x, P7 | ||
| 100 | _aतिवारी, अजय | ||
| 245 | 0 | _aआलोचना और संस्कृति: ‘दीवान - ए - आम’ स्तंभ में प्रकाशित | |
| 246 | _aĀlochanā aur sanskṛuti: ‘dīvān - e - āma’ stanbha mean prakāshita | ||
| 260 |
_aनयी _bदिल्ली वाणी प्रकाशन भारत _c2007 |
||
| 300 |
_a283पृ0 _ccm. |
||
| 942 |
_hO152,6N55x, P7 _cTB _2CC |
||
| 999 |
_c100409 _d100409 |
||